Evaluation of text and speech systems

محفوظ في:
التفاصيل البيبلوغرافية
المؤلفون الرئيسيون: Dybkjaer, Laila (مؤلف), Hemsen, Holmer (مؤلف), Minker, Wolfgang (مؤلف)
التنسيق: كتاب
اللغة:الإنجليزية
منشور في: Dordrecht Springer 2007
سلاسل:Text, Speech and Language Technology Series, 37
الموضوعات:
الوسوم: إضافة وسم
لا توجد وسوم, كن أول من يضع وسما على هذه التسجيلة!

MARC

LEADER 00000nam a2200000 a 4500
001 UCI4090
003 CL-VaPUC
008 071221e20070000ne |||||||||||||||||eng|d
020 |a 9781402058158 
082 0 4 |a 418  |b DYB  |2 21 
100 0 |a Dybkjaer, Laila  |e author  |9 525762 
700 0 |a Hemsen, Holmer  |e author  |9 525763 
700 0 |a Minker, Wolfgang  |e author  |9 525764 
245 1 0 |a Evaluation of text and speech systems 
300 |a 288 p 
942 |c BK 
945 |d 20071221 00:00:00  |a rbrito 
260 |a Dordrecht  |b Springer  |c 2007 
650 0 |a Lingüística aplicada   |9 313266 
650 7 |a COMUNICACIONES  |2 CL-VaPUC  |9 260778 
650 0 |a Lingüística  |9 265068 
583 |a last modification  |c 20171213 06:00:55  |k Rodrigo Vera 
490 0 |a Text, Speech and Language Technology Series, 37 
999 |c 328085  |d 328083 
952 |0 0  |1 0  |4 0  |6 418_000000000000000_DYB_2007  |7 0  |8 A  |9 411815  |a FDOPOS  |b FDOPOS  |d 2019-11-22  |i 4397398  |o 418 DYB 2007  |p 4397398  |r 2025-01-22  |w 2019-11-22  |y BK  |k MLA